000 02320cam a22003011i 4500
003 SA-RiAUC
005 20250724073637.0
008 250724s1985 sy g 00000 ara c
040 _aSA-RiKSU
_bara
_cSA-RiAUC
_erda
050 4 _bD34 1985
082 0 4 _a231
_qSA-RiAUC
090 _a231
_b ذ هـ ب
100 1 _aالذهبي، محمد بن أحمد بن عثمان،
_d673-748 هجري
_eمؤلف.
245 1 2 _aالموقظة في علم مصطلح الحديث /
_cشمس الدين محمد بن أحمد الذهبي ؛ اعتنى به عبد الفتاح أبو غدة.
250 _aالطبعة الأولى.
264 1 _aحلب، سوريا :
_bمكتب المطبوعات الإسلامية،
_c1985
300 _a220 صفحة ؛
_c24 سم
336 _aنص
_btxt
_2rdacontent
_3كتاب
337 _aبدون وسيط
_bn
_2rdamedia
338 _aمجلد
_bnc
_2rdacarrier
650 7 _aالحديث
_xمصطلح
_2aucsh
650 7 _aالحديث
_xمباحث عامة
_2aucsh
700 1 _aأبو غدة، عبد الفتاح بن محمد بن بشير،
_d1917-1997
_eمراجع.
856 _uhttp://saaid.net/book/open.php?cat=91&book=270
_yExternal Link
_2 نرجو الانتباه لإمكانية وجود اختلاف في الطبعة أو الناشر بين البيانات على البوابة وما ستجده على الكتاب نظرا لمحدودية المعلومات المتاحة على الموقع الناشر للمادة.
_3Please note that there may be a difference in the edition or publisher between the data on the portal and the book due to the limited information available on the publisher website for the material.
856 _uhttp://www.saaid.net/book/2.zip
_yDigital Copy
_2 نرجو الانتباه لإمكانية وجود اختلاف في الطبعة أو الناشر بين البيانات على البوابة وما ستجده على الكتاب نظرا لمحدودية المعلومات المتاحة على الموقع الناشر للمادة.
_3Please note that there may be a difference in the edition or publisher between the data on the portal and the book due to the limited information available on the publisher website for the material.
942 _2ddc
_cBOOK
_n0
949 _aSA-JeALM
_d250724
_umohamedma123
_n1
999 _c10271
_d10271